| 000 | 00704cam a22002291a 4500 | ||
|---|---|---|---|
| 001 | ne 66000013 | ||
| 003 | DLC | ||
| 005 | 20260227111819.0 | ||
| 008 | 920131s1959 sy b 000 0 ara | ||
| 010 | _ane 66000013 | ||
| 035 | _a(OCoLC)25195108 | ||
| 040 |
_aDLC _cMWalB _dMWalB _dDLC |
||
| 042 | _apremarc | ||
| 050 | 0 | 0 |
_aHX550.I8 _bS48 |
| 100 | 1 |
_aSibāʻi, Muṣṭafā, _d1915-1964. |
|
| 245 | 1 | 0 |
_aIshtirākīyat al-Islām / _ctaʼlīf Muṣṭafā al-Sibāʻī. |
| 250 | _aal-Ṭabʻah al-ulá. | ||
| 260 |
_aDamashaq : _bMaṭbuʻah Jāmiʻat Damashaq, _c1959. |
||
| 300 |
_a175 p. ; _c24 cm. |
||
| 504 | _aIncludes bibliographical references (p. 170-172) | ||
| 650 | 0 | _aSocialism and Islam. | |
| 999 |
_c48619 _d48619 |
||